[Event "Prague-G"]
[Site "Prague"]
[Date "2019.03.13"]
[Round "6.3"]
[White "Stary, Vojtech"]
[Black "Ziogiene, Leva"]
[Result "1/2-1/2"]
[WhiteElo "1357"]
[BlackElo "1373"]
[PlyCount "60"]
[EventDate "2019.03.09"]
[EventType "tourn"]
[EventRounds "9"]
[EventCountry "CZE"]
[SourceTitle "CBM 189 Extra"]
[Source "ChessBase"]
[SourceDate "2019.06.03"]
[SourceVersion "1"]
[SourceVersionDate "2019.06.03"]
[SourceQuality "1"]

1. e4 e5 2. Nf3 d6 3. d4 exd4 4. Nxd4 Nf6 5. Nc3 Be7 6. Bf4 0-0 7. Qd2 Nc6 8. 0-0-0 Be6 9. f3 a5 10. g4 a4 11. Nf5 Bxf5 12. gxf5 a3 13. b3 Nd7 14. Rg1 Bf6 15. Bg5 Nde5 16. Bxf6 Qxf6 17. Nd5 Qd8 18. Qh6 Ng6 19. Qd2 Nge7 20. f6 Nxd5 21. fxg7 Re8 22. exd5 Qf6 23. c3 Ne5 24. Be2 Nxf3 25. Bxf3 Qxf3 26. Rdf1 Qe3 27. Rg3 Qxd2+ 28. Kxd2 Re5 29. c4 Rae8 30. Rg2 Re3 1/2-1/2